| 000 | 00834cab a2200181 4500 | ||
|---|---|---|---|
| 001 | ##L133619 | ||
| 008 | 060524n2006 000 0 eng u | ||
| 035 | _a(Sirsi) u133619 | ||
| 041 | 0 | _aeng | |
| 100 | 1 | _aPickard, Martin | |
| 245 | 0 | 0 | _aWhy facilities matter |
| 260 | _c2006 | ||
| 490 | 0 |
_aPremises and Facilities Management _vMay 2006, 15-17(3) |
|
| 520 | _aThe second article in the series (see also L133291) discusses the role of the facilities manager in meeting the challenge of compliance with regulations and standards such as health and safety legislation and environmental legislation, and with corporate policies and values. Places this in the context of how good facilities management can help in attaining organisational goals. | ||
| 590 | _aIKA060606 | ||
| 690 | _aMANAGEMENT-FACILITIES MANAGEMENT | ||
| 942 | _n0 | ||
| 999 |
_c77114 _d77114 |
||